Actors and actresses - Statistics

General Stats
  • This quiz has been taken 125 times
  • The average score is 13 of 16
Answer Stats
Picture Answer % Correct
Will Smith
96%
Johnny Depp
95%
Dwayne Johnson
94%
Ryan Reynolds
94%
Leonardo DiCaprio
93%
Tom Cruise
93%
Scarlett Johansson
86%
Jennifer Lawrence
84%
Matt Damon
84%
George Clooney
80%
Margot Robbie
79%
Channing Tatum
77%
Will Ferrell
70%
Ben Stiller
63%
Idris Elba
58%
Anna Kendrick
51%
No matching quizzes found
Score Distribution
Percent of People with Each Score
Percentile by Number Answered
Your Score History
You have not taken this quiz